[Event "GER T323-B32-S email"]
[Site "GER email"]
[Date "2021.01.07"]
[Round "?"]
[White "Fischer, Jens"]
[Black "Neumann, Peter"]
[Result "1-0"]
[WhiteElo "1804"]
[BlackElo "1719"]
[PlyCount "43"]
[EventDate "2021.01.07"]
[EventType "tourn (corr)"]
[EventRounds "8"]
[EventCountry "GER"]
[SourceTitle "Corr 2024"]
[Source "ChessBase"]
[SourceDate "2023.10.19"]
[SourceVersion "1"]
[SourceVersionDate "2023.10.19"]
[SourceQuality "1"]

1. e4 c5 2. Nf3 Nc6 3. d4 cxd4 4. Nxd4 Nxd4 5. Qxd4 e6 6. Bf4 Ne7 7. Nc3 Nc6 8. Qd2 Bb4 9. a3 Qa5 10. Bd6 Bxd6 11. Qxd6 Qe5 12. Nb5 Qxe4+ 13. Be2 f6 14. f4 Qxg2 15. Rf1 Kf7 16. Bh5+ g6 17. 0-0-0 gxh5 18. f5 Re8 19. Rg1 Qf2 20. Qd3 Qf4+ 21. Kb1 Qh6 22. Nd6+ 1-0

[Event "Hessen-ch Seniors op 10th"]
[Site "Bad Sooden-Allendorf"]
[Date "2014.04.27"]
[Round "2"]
[White "Neumann, Peter"]
[Black "Wittmann, Georg"]
[Result "0-1"]
[WhiteElo "1759"]
[BlackElo "1952"]
[PlyCount "84"]
[EventDate "2014.04.26"]
[EventType "swiss"]
[EventRounds "9"]
[EventCountry "GER"]
[SourceTitle "EXT 2018"]
[Source "ChessBase"]
[SourceDate "2017.10.13"]
[SourceVersion "1"]
[SourceVersionDate "2017.10.13"]
[SourceQuality "1"]

1. d4 d5 2. c4 Nf6 3. Nc3 c6 4. cxd5 cxd5 5. Bg5 e6 6. a3 Nc6 7. e3 Be7 8. Bd3 Bd7 9. Nge2 Rc8 10. h3 Na5 11. Rc1 Qb6 12. Rb1 0-0 13. 0-0 Nc4 14. Bxc4 dxc4 15. e4 h6 16. Bh4 g5 17. Bg3 Rfd8 18. f3 Nh5 19. Bf2 Qc7 20. Qc1 f6 21. g4 Ng7 22. Bg3 Bd6 23. Kg2 h5 24. d5 h4 25. Bxd6 Qxd6 26. Qe3 a6 27. Rbd1 b5 28. f4 f5 29. gxf5 gxf4 30. Rxf4 exf5 31. e5 Qe7 32. Kh1 Nh5 33. Rg1+ Kh7 34. Rf2 Rg8 35. e6 Rxg1+ 36. Kxg1 Rg8+ 37. Rg2 Rxg2+ 38. Kxg2 Be8 39. Qe5 Qg5+ 40. Kh2 Nf6 41. d6 Bc6 42. Nf4 Qg3# 0-1

[Event "GER T167-B45-S email"]
[Site "GER email"]
[Date "2013.02.18"]
[Round "?"]
[White "Bachmann, Bernd"]
[Black "Neumann, Peter"]
[Result "1-0"]
[WhiteElo "2068"]
[BlackElo "1719"]
[PlyCount "41"]
[EventDate "2013.02.28"]
[EventType "tourn (corr)"]
[EventRounds "8"]
[EventCountry "GER"]
[SourceTitle "Corr 2015"]
[Source "ChessBase"]
[SourceDate "2015.07.17"]
[SourceVersion "1"]
[SourceVersionDate "2015.07.17"]
[SourceQuality "1"]

1. e4 c5 2. Nf3 e6 3. d4 cxd4 4. Nxd4 a6 5. Nc3 Qc7 6. Bd3 Nf6 7. 0-0 Bc5 8. Nb3 Be7 9. a4 Nc6 10. a5 d5 11. Be3 dxe4 12. Bb6 Qe5 13. Re1 0-0 14. Ra4 Nd5 15. Bxe4 Nxc3 16. bxc3 Qb5 17. Ra1 Bf6 18. Nc5 Bxc3 19. Bd3 Qb2 20. Rb1 Qa2 21. Bxh7+ 1-0

[Event "GER T147-C47-S email"]
[Site "GER email"]
[Date "2012.03.12"]
[Round "?"]
[White "Ritter, Uwe"]
[Black "Neumann, Peter"]
[Result "0-1"]
[WhiteElo "1709"]
[BlackElo "1719"]
[PlyCount "58"]
[EventDate "2012.03.19"]
[EventType "tourn (corr)"]
[EventRounds "8"]
[EventCountry "GER"]
[SourceTitle "Corr 2015"]
[Source "ChessBase"]
[SourceDate "2015.07.17"]
[SourceVersion "1"]
[SourceVersionDate "2015.07.17"]
[SourceQuality "1"]

1. e4 e5 2. Nf3 Nc6 3. Nc3 Nf6 4. d4 exd4 5. Nd5 Nxe4 6. Qe2 f5 7. Ng5 d3 8. cxd3 Nd4 9. Qh5+ g6 10. Qh4 c6 11. dxe4 cxd5 12. exd5 Bg7 13. Kd1 h6 14. Nf3 Nxf3 15. Qxd8+ Kxd8 16. gxf3 Bd4 17. Rg1 g5 18. f4 g4 19. Be3 Bxb2 20. Rb1 Ba3 21. Bd4 Rf8 22. h3 d6 23. Rb3 Bc5 24. Bg7 Rg8 25. Bxh6 Bxf2 26. Rg2 Bh4 27. hxg4 fxg4 28. Be2 Rg6 29. Bf8 Ke8 0-1

[Event "GER T145-B06-S email"]
[Site "GER email"]
[Date "2012.02.21"]
[Round "?"]
[White "Neumann, Peter"]
[Black "Kleinhenz, Andreas"]
[Result "1-0"]
[WhiteElo "1719"]
[BlackElo "1541"]
[PlyCount "35"]
[EventDate "2012.02.28"]
[EventType "tourn (corr)"]
[EventRounds "6"]
[EventCountry "GER"]
[SourceTitle "Corr 2015"]
[Source "ChessBase"]
[SourceDate "2015.07.17"]
[SourceVersion "1"]
[SourceVersionDate "2015.07.17"]
[SourceQuality "1"]

1. e4 g6 2. d4 Bg7 3. Nc3 d6 4. f4 Nf6 5. Nf3 0-0 6. Bd3 c5 7. dxc5 dxc5 8. e5 Nd5 9. Nxd5 Qxd5 10. Qe2 Bf5 11. Bxf5 gxf5 12. Be3 Na6 13. Kf2 Rfd8 14. Rhd1 Qc6 15. c3 b5 16. Rd2 Nc7 17. Rad1 Ne6 18. Nh4 1-0

[Event "GER T145-B06-S email"]
[Site "GER email"]
[Date "2012.02.21"]
[Round "?"]
[White "Neumann, Peter"]
[Black "Wilke, Marc"]
[Result "1/2-1/2"]
[WhiteElo "1719"]
[BlackElo "1568"]
[PlyCount "83"]
[EventDate "2012.02.28"]
[EventType "tourn (corr)"]
[EventRounds "6"]
[EventCountry "GER"]
[SourceTitle "Corr 2015"]
[Source "ChessBase"]
[SourceDate "2015.07.17"]
[SourceVersion "1"]
[SourceVersionDate "2015.07.17"]
[SourceQuality "1"]

1. e4 g6 2. d4 Bg7 3. Nc3 d6 4. f4 Nf6 5. Nf3 0-0 6. Bd3 c5 7. dxc5 dxc5 8. e5 Nd5 9. Nxd5 Qxd5 10. Qe2 Nc6 11. Be4 Qd8 12. c3 Qc7 13. Be3 Rd8 14. 0-0 Be6 15. Ng5 Bd5 16. Bxd5 Rxd5 17. Qc4 e6 18. Rad1 Rad8 19. Rxd5 Rxd5 20. Ne4 b6 21. Bf2 h6 22. Bh4 Na5 23. Qe2 c4 24. Rd1 Qd7 25. Rxd5 exd5 26. Qd2 g5 27. Bg3 gxf4 28. Bxf4 Qf5 29. Ng3 Qe6 30. Nh5 Bxe5 31. Bxe5 Qxe5 32. Nf4 Nb7 33. Nxd5 Nc5 34. Ne3 b5 35. Ng4 Qe6 36. h3 Kh7 37. Qd4 Nd3 38. Nf6+ Kg6 39. Nd7 Kg5 40. Qxa7 Nxb2 41. Qc5+ f5 42. Ne5 1/2-1/2

[Event "GER T145-B06-S email"]
[Site "GER email"]
[Date "2012.02.21"]
[Round "?"]
[White "Wilke, Marc"]
[Black "Neumann, Peter"]
[Result "1/2-1/2"]
[WhiteElo "1568"]
[BlackElo "1719"]
[PlyCount "147"]
[EventDate "2012.02.28"]
[EventType "tourn (corr)"]
[EventRounds "6"]
[EventCountry "GER"]
[SourceTitle "Corr 2015"]
[Source "ChessBase"]
[SourceDate "2015.07.17"]
[SourceVersion "1"]
[SourceVersionDate "2015.07.17"]
[SourceQuality "1"]

1. e4 g6 2. d4 Bg7 3. c3 d6 4. f4 Nf6 5. e5 Nd5 6. Nf3 0-0 7. Bc4 c6 8. 0-0 Na6 9. Bd3 Nac7 10. Bd2 Ne6 11. g3 c5 12. Na3 cxd4 13. cxd4 dxe5 14. fxe5 Ndc7 15. Be3 Bd7 16. Be4 Bc6 17. Bxc6 bxc6 18. Nc4 Qd7 19. Qc2 Nd5 20. Bd2 Rab8 21. Rad1 Nb6 22. Bc1 Nxc4 23. Qxc4 Rb5 24. Qc2 Rd5 25. Be3 f6 26. Rd2 fxe5 27. dxe5 Rf5 28. Kg2 Rxd2+ 29. Qxd2 Qb7 30. Rd1 Qb5 31. b3 Bxe5 32. Bxa7 Bd6 33. Bf2 c5 34. Qe3 Rf6 35. Qe4 Qa5 36. a4 Qc3 37. Rd3 Qc2 38. Nd2 Kf7 39. a5 Nc7 40. h3 h5 41. h4 Ke8 42. Rf3 Qxe4 43. Nxe4 Re6 44. Nxc5 Re2 45. Rc3 Nd5 46. Rc1 Nb4 47. Kg1 Rxf2 48. Kxf2 Bxc5+ 49. Kf3 Na6 50. b4 Bxb4 51. Rc6 Nc5 52. Rb6 Bxa5 53. Rb5 Bc3 54. Rxc5 Bb4 55. Rb5 Bd6 56. Rb3 Kf7 57. Ke4 Ke6 58. Rb6 Kf6 59. Rc6 Kg7 60. Kf3 Kf6 61. Rc8 Ke5 62. Rf8 Ke6 63. g4 hxg4+ 64. Kxg4 Be5 65. Rf1 Bf6 66. Rb1 Be5 67. Rb6+ Kf7 68. Ra6 Bf6 69. Rc6 Be5 70. Rb6 Bf6 71. Rb7 Ke6 72. h5 gxh5+ 73. Kxh5 Kf5 74. Rxe7 1/2-1/2

[Event "GER T137-A66-S email"]
[Site "GER email"]
[Date "2012.01.22"]
[Round "?"]
[White "Neumann, Peter"]
[Black "Offenborn, Heinz"]
[Result "1/2-1/2"]
[WhiteElo "1719"]
[BlackElo "2110"]
[PlyCount "130"]
[EventDate "2012.01.31"]
[EventType "tourn (corr)"]
[EventRounds "6"]
[EventCountry "GER"]
[SourceTitle "Corr 2015"]
[Source "ChessBase"]
[SourceDate "2015.07.17"]
[SourceVersion "1"]
[SourceVersionDate "2015.07.17"]
[SourceQuality "1"]

1. d4 Nf6 2. c4 c5 3. d5 e6 4. Nc3 exd5 5. cxd5 d6 6. e4 g6 7. f4 Bg7 8. e5 Nfd7 9. Nb5 dxe5 10. Nd6+ Ke7 11. Nxc8+ Qxc8 12. Nf3 Rd8 13. fxe5 Nxe5 14. Nxe5 Bxe5 15. Bc4 Bd4 16. Bg5+ Kf8 17. Bxd8 Qxd8 18. Qe2 Qg5 19. h4 Qg3+ 20. Kd2 Nd7 21. Rh3 Qf4+ 22. Kc2 Re8 23. Qf3 Qxf3 24. gxf3 Nb6 25. Bb5 Rd8 26. h5 g5 27. Re1 Nxd5 28. Rh2 a6 29. Bf1 Ne3+ 30. Kb1 f5 31. Bd3 h6 32. Rhe2 f4 33. Be4 Rb8 34. a4 Ke7 35. a5 Kf6 36. Ka2 c4 37. Ka3 Bc5+ 38. Ka4 b5+ 39. axb6 Rxb6 40. Rc1 Ke5 41. Ba8 Kd6 42. Rd2+ Kc7 43. Rdc2 Rb8 44. Rxc4 Rxa8 45. Rxc5+ Kd6 46. Rc6+ Ke5 47. b4 g4 48. fxg4 Rf8 49. Rxh6 f3 50. g5 f2 51. Rxa6 f1Q 52. Rxf1 Rxf1 53. h6 Rh1 54. Rc6 Nf5 55. b5 Ne7 56. Rf6 Nd5 57. Rf8 Kd4 58. Rd8 Kc3 59. b6 Nxb6+ 60. Kb5 Nc4 61. Rc8 Rb1+ 62. Kc5 Rg1 63. Rg8 Rh1 64. Kd5 Kd3 65. Rd8 Nd2 1/2-1/2

[Event "GER T137-A66-S email"]
[Site "GER email"]
[Date "2012.01.22"]
[Round "?"]
[White "Neumann, Peter"]
[Black "Zielinski, Sergej"]
[Result "0-1"]
[WhiteElo "1719"]
[BlackElo "1990"]
[PlyCount "66"]
[EventDate "2012.01.31"]
[EventType "tourn (corr)"]
[EventRounds "6"]
[EventCountry "GER"]
[SourceTitle "Corr 2015"]
[Source "ChessBase"]
[SourceDate "2015.07.17"]
[SourceVersion "1"]
[SourceVersionDate "2015.07.17"]
[SourceQuality "1"]

1. d4 Nf6 2. c4 c5 3. d5 e6 4. Nc3 exd5 5. cxd5 d6 6. e4 g6 7. f4 Bg7 8. Nf3 0-0 9. Be2 Re8 10. Nd2 Na6 11. 0-0 Nc7 12. Bf3 b6 13. Re1 Ba6 14. Nf1 Nb5 15. Nxb5 Bxb5 16. a4 Bxf1 17. Kxf1 c4 18. a5 b5 19. Qc2 Nd7 20. Be3 a6 21. g3 Rc8 22. Bg4 h5 23. Bh3 b4 24. Bb6 Nxb6 25. axb6 Rb8 26. Ra4 Qxb6 27. Qxc4 a5 28. b3 f5 29. Qc6 Qd4 30. Qc4 Qxc4+ 31. bxc4 b3 32. c5 b2 33. Rb1 Rb5 0-1

[Event "GER T137-A66-S email"]
[Site "GER email"]
[Date "2012.01.22"]
[Round "?"]
[White "Schonberger, Kay"]
[Black "Neumann, Peter"]
[Result "1-0"]
[WhiteElo "1792"]
[BlackElo "1719"]
[PlyCount "43"]
[EventDate "2012.01.31"]
[EventType "tourn (corr)"]
[EventRounds "6"]
[EventCountry "GER"]
[SourceTitle "Corr 2015"]
[Source "ChessBase"]
[SourceDate "2015.07.17"]
[SourceVersion "1"]
[SourceVersionDate "2015.07.17"]
[SourceQuality "1"]

1. d4 Nf6 2. c4 c5 3. d5 e6 4. Nc3 exd5 5. cxd5 d6 6. e4 g6 7. f4 Bg7 8. Bb5+ Nfd7 9. Nf3 a6 10. Bd3 b5 11. h4 Qa5 12. Bd2 c4 13. Bc2 b4 14. Na4 0-0 15. a3 c3 16. bxc3 bxc3 17. Be3 f5 18. Rb1 fxe4 19. Ng5 h5 20. Qe2 Kh8 21. Ne6 Re8 22. Qc4 1-0

[Event "GER T137-A66-S email"]
[Site "GER email"]
[Date "2012.01.22"]
[Round "?"]
[White "Zielinski, Sergej"]
[Black "Neumann, Peter"]
[Result "1-0"]
[WhiteElo "1990"]
[BlackElo "1719"]
[PlyCount "69"]
[EventDate "2012.01.31"]
[EventType "tourn (corr)"]
[EventRounds "6"]
[EventCountry "GER"]
[SourceTitle "Corr 2015"]
[Source "ChessBase"]
[SourceDate "2015.07.17"]
[SourceVersion "1"]
[SourceVersionDate "2015.07.17"]
[SourceQuality "1"]

1. d4 Nf6 2. c4 c5 3. d5 e6 4. Nc3 exd5 5. cxd5 d6 6. e4 g6 7. f4 Bg7 8. Bb5+ Nfd7 9. a4 Qh4+ 10. g3 Qd8 11. Nf3 0-0 12. 0-0 a6 13. Be2 Re8 14. Qc2 Nf6 15. Kg2 Qd7 16. Kg1 Qd8 17. Re1 Bg4 18. a5 Nbd7 19. Kg2 b5 20. axb6 Nxb6 21. h3 Bc8 22. Kh2 Qd7 23. Bf1 Qb7 24. Ra2 a5 25. b3 Bd7 26. Ra3 Qc7 27. Qd2 Qb7 28. Bg2 a4 29. e5 Nfxd5 30. Ne4 dxe5 31. Nd6 Qc7 32. Nxe8 Rxe8 33. Nxe5 Bxe5 34. Rxe5 Rxe5 35. fxe5 1-0

[Event "GER OS-138 email"]
[Site "GER email"]
[Date "2010.10.11"]
[Round "?"]
[White "Neumann, Peter"]
[Black "Morschel, Dieter T"]
[Result "0-1"]
[WhiteElo "1738"]
[BlackElo "1764"]
[PlyCount "100"]
[EventDate "2010.10.18"]
[EventType "tourn (corr)"]
[EventRounds "6"]
[EventCountry "GER"]
[SourceTitle "Corr 2015"]
[Source "ChessBase"]
[SourceDate "2015.07.17"]
[SourceVersion "1"]
[SourceVersionDate "2015.07.17"]
[SourceQuality "1"]
[WhiteTeam "Germany"]
[BlackTeam "Germany"]
[WhiteTeamCountry "GER"]
[BlackTeamCountry "GER"]

1. e4 c5 2. Nf3 e6 3. d4 cxd4 4. Nxd4 Nc6 5. Nc3 a6 6. Nxc6 bxc6 7. Bd3 d5 8. 0-0 Nf6 9. Bg5 Be7 10. e5 Nd7 11. Bxe7 Qxe7 12. Qh5 Rb8 13. b3 h6 14. Na4 c5 15. f4 g6 16. Qh3 c4 17. Be2 Bb7 18. Qe3 Qa3 19. Qd4 0-0 20. Rfd1 Rfc8 21. Rdb1 a5 22. Qe3 Bc6 23. Nc3 cxb3 24. axb3 Qb4 25. Na2 Qc5 26. Qxc5 Nxc5 27. Kf2 a4 28. b4 Ne4+ 29. Ke3 Bb5 30. Bd3 f5 31. exf6 Kf7 32. Bxe4 dxe4 33. Rc1 Rc4 34. c3 Rd8 35. Rd1 Rd3+ 36. Rxd3 exd3 37. g3 Rc8 38. Re1 Kxf6 39. Kd2 Bc4 40. Ra1 g5 41. fxg5+ hxg5 42. Nc1 Bb5 43. Ra3 e5 44. c4 Bxc4 45. Rxa4 Bb5 46. Ra5 Rc2+ 47. Kd1 Bc4 48. Rc5 e4 49. b5 e3 50. Rxc4 Rxc4 0-1

[Event "GER T92-E94-S email"]
[Site "GER email"]
[Date "2010.09.02"]
[Round "?"]
[White "Keber, Ernst"]
[Black "Neumann, Peter"]
[Result "1-0"]
[WhiteElo "1836"]
[BlackElo "1719"]
[PlyCount "61"]
[EventDate "2010.09.08"]
[EventType "tourn (corr)"]
[EventRounds "8"]
[EventCountry "GER"]
[SourceTitle "Corr 2015"]
[Source "ChessBase"]
[SourceDate "2015.07.17"]
[SourceVersion "1"]
[SourceVersionDate "2015.07.17"]
[SourceQuality "1"]
[WhiteTeam "Germany"]
[BlackTeam "Latvia"]
[WhiteTeamCountry "GER"]
[BlackTeamCountry "LAT"]

1. d4 Nf6 2. c4 g6 3. Nc3 Bg7 4. e4 d6 5. Nf3 0-0 6. Be2 e5 7. 0-0 Nh5 8. g3 exd4 9. Nxd4 Nf6 10. Bg5 Re8 11. Qd2 Nbd7 12. f3 Nb6 13. Rfd1 Qe7 14. a4 a6 15. a5 Nbd7 16. Nd5 Qd8 17. b4 c6 18. Nc3 Ne5 19. c5 dxc5 20. bxc5 Qc7 21. Kg2 Ned7 22. Na4 Nh5 23. Rab1 Bxd4 24. Qxd4 Qxa5 25. Nb6 Nxb6 26. Rxb6 Qa2 27. Bd2 Be6 28. Rxb7 Red8 29. Qc3 a5 30. Kf2 Bc8 31. Bc4 1-0

[Event "GER T92-E94-S email"]
[Site "GER email"]
[Date "2010.09.02"]
[Round "?"]
[White "Meissner, Steffen"]
[Black "Neumann, Peter"]
[Result "1-0"]
[WhiteElo "1927"]
[BlackElo "1719"]
[PlyCount "71"]
[EventDate "2010.09.08"]
[EventType "tourn (corr)"]
[EventRounds "8"]
[EventCountry "GER"]
[SourceTitle "Corr 2015"]
[Source "ChessBase"]
[SourceDate "2015.07.17"]
[SourceVersion "1"]
[SourceVersionDate "2015.07.17"]
[SourceQuality "1"]
[WhiteTeam "Germany"]
[BlackTeam "Latvia"]
[WhiteTeamCountry "GER"]
[BlackTeamCountry "LAT"]

1. d4 Nf6 2. c4 g6 3. Nc3 Bg7 4. e4 d6 5. Nf3 0-0 6. Be2 e5 7. 0-0 Nh5 8. g3 exd4 9. Nxd4 Nf6 10. Re1 Re8 11. f3 Nc6 12. Be3 a6 13. Qd2 Nxd4 14. Bxd4 b6 15. Rad1 Bb7 16. Nd5 Rc8 17. Bf1 Rb8 18. Qc3 Nxd5 19. cxd5 Bxd4+ 20. Qxd4 Qd7 21. Rc1 b5 22. Qa7 Qd8 23. Re2 Re7 24. Rec2 Kg7 25. b3 f6 26. a4 c5 27. dxc6 Bxc6 28. Qxa6 Bb7 29. Qa7 bxa4 30. bxa4 d5 31. exd5 Ra8 32. Qc5 Rc8 33. Qb4 Rxc2 34. Rxc2 Bxd5 35. Rd2 Rd7 36. Kf2 1-0

[Event "GER OS-076 email"]
[Site "GER email"]
[Date "2008.09.17"]
[Round "?"]
[White "Tropf, Peter"]
[Black "Neumann, Peter"]
[Result "1-0"]
[WhiteElo "1848"]
[BlackElo "1796"]
[PlyCount "21"]
[EventDate "2008.??.??"]
[EventType "tourn (corr)"]
[EventRounds "6"]
[EventCountry "GER"]
[SourceTitle "Corr 2011"]
[Source "ChessBase"]
[SourceDate "2010.08.31"]
[SourceVersion "1"]
[SourceVersionDate "2010.08.31"]
[SourceQuality "1"]

1. e4 e6 2. d4 d5 3. Nc3 dxe4 4. Nxe4 Nd7 5. Bd3 Ngf6 6. Qe2 Be7 7. Nf3 0-0 8. Bg5 b6 9. Nxf6+ Nxf6 10. Bxf6 Bxf6 11. Qe4 1-0

[Event "GER OS-072 email"]
[Site "GER email"]
[Date "2008.04.15"]
[Round "?"]
[White "Held, Bernd"]
[Black "Neumann, Peter"]
[Result "1-0"]
[WhiteElo "2125"]
[BlackElo "2000"]
[PlyCount "73"]
[EventDate "2008.??.??"]
[EventType "tourn (corr)"]
[EventRounds "6"]
[EventCountry "GER"]
[SourceTitle "Corr 2011"]
[Source "ChessBase"]
[SourceDate "2010.08.31"]
[SourceVersion "1"]
[SourceVersionDate "2010.08.31"]
[SourceQuality "1"]

1. e4 e6 2. d4 d5 3. Nd2 dxe4 4. Nxe4 Nd7 5. Bd3 Ngf6 6. Qe2 c5 7. Nxf6+ Nxf6 8. dxc5 Bxc5 9. Nf3 0-0 10. 0-0 b6 11. Rd1 Qc7 12. Bg5 Nd5 13. Qe4 g6 14. c4 f5 15. Qh4 Nb4 16. Bf4 Qe7 17. Qxe7 Bxe7 18. Be2 Re8 19. Ne5 Bb7 20. Rd7 Be4 21. f3 Bc5+ 22. Kf1 Bc6 23. Rd2 Bb7 24. a3 Nc6 25. Rd7 Bc8 26. Rc7 Nb8 27. Rd1 Na6 28. Rf7 Rf8 29. Rxf8+ Bxf8 30. b4 Be7 31. Nc6 Kf7 32. Nxe7 Kxe7 33. c5 bxc5 34. Bd6+ Kf6 35. f4 Bb7 36. bxc5 Nb8 37. Rb1 1-0